Návrh technológie pre aditívnu výrobu kovových súčiastok
Salvato in:
| Autore principale: | |
|---|---|
| Altri autori: | |
| Natura: | Manoscritto Libro |
| Lingua: | slovacco |
| Pubblicazione: |
2016
|
| Soggetti: | |
| Accesso online: | http://is.stuba.sk/zp/portal_zp.pl?podrobnosti=133543 |
| Tags: |
Nessun Tag, puoi essere il primo ad aggiungerne!!
|
MARC
| LEADER | 00000ntm a22000003a 4500 | ||
|---|---|---|---|
| 001 | stuzp59226 | ||
| 003 | SK-STU | ||
| 005 | 20160719155811.4 | ||
| 007 | ta | ||
| 008 | 150427s2015----xo-----f-mn---000-0-slo-d | ||
| 040 | |a STU |b slo | ||
| 041 | 0 | |a slo | |
| 100 | 1 | |a Andris, Stanislav |u 020070 |k Z4 |4 aut |U SjF Strojnícka fakulta |T SjF Ústav výrobných systémov, enviromentálnej techniky a manažment kvality |X 9431 |U J0070 |Y 804 |7 A000009431 | |
| 242 | 0 | 1 | |a The application of technology for metal additive manufacturing parts |y eng |
| 245 | 1 | 0 | |a Návrh technológie pre aditívnu výrobu kovových súčiastok |
| 260 | |c 2016 | ||
| 650 | 4 | |a Additive Manufacturing |2 slo | |
| 650 | 4 | |a Selective Laser Sintering |2 slo | |
| 650 | 4 | |a Selective Laser Melting |2 slo | |
| 650 | 4 | |a Selective Laser Sintering |2 eng | |
| 650 | 4 | |a Selective Laser Melting |2 eng | |
| 650 | 4 | |a Electron Beam Melting |2 eng | |
| 700 | 1 | |a Beniak, Juraj |u 020070 |k Z1 |4 ths |U SjF Strojnícka fakulta |T SjF Ústav výrobných systémov, enviromentálnej techniky a manažment kvality |X 2226 |U J0070 |Y 804 |7 A000002226 | |
| 856 | 4 | |u http://is.stuba.sk/zp/portal_zp.pl?podrobnosti=133543 | |
| 996 | |b 284J043987 |c J* 2277/DP |l JJSK |s A |a 24 |w stuzp59226_0001 | ||
| SQL | |a stuzp59226 |b DDP |c SLO |d Návrh technológie pre aditívnu výrobu kovových súčiastok |e 9431 |f Andris, Stanislav |g 020070 |h 2226 |i Beniak, Juraj |j 20160616 |k 1326 |l 02 |m http://is.stuba.sk/zp/portal_zp.pl?podrobnosti=133543 |n I-EVT |o 5.2.50. výrobná technika | ||